000
00318nam a2200133Ia 4500
005
20260328104319.0
008
260328s9999||||xx |||||||||||||| ||und||
100
_a
Chemetott, Alexandre
245
0
_a
Yves Lion /
_c
Alexandre Chemetott
260
_b
Gustavo Gili
300
_a
96 p.
650
_a
ESCUELAS
942
_c
BK
999
_c
11285
_d
11285